| 000 | 01507cam a2200385 a 4500 | ||
|---|---|---|---|
| 001 | 13502850 | ||
| 003 | EG-ScBUE | ||
| 005 | 20220208115342.0 | ||
| 008 | 040226s2004 enk f 000 0aeng d | ||
| 020 | _a033041884X | ||
| 020 | _a9780330418843 | ||
| 040 |
_aDLC _beng _erda _cDLC _dDLC _dEG-ScBUE |
||
| 043 | _ae-uk--- | ||
| 082 | 0 | 4 |
_a828.91403 _222 _bARC |
| 100 | 1 |
_aArcher, Jeffrey, _d1940- _eauthor. _940709 |
|
| 245 | 1 | 2 |
_aA Prison diary. _nVolume 2, _pWayland - purgatory / _cJeffrey Archer. |
| 246 | 3 | 0 | _aWayland - purgatory |
| 264 | 1 |
_aLondon : _bPan Books, _c2004. |
|
| 300 |
_a310 pages ; _c25 cm |
||
| 336 |
_2rdacontent _atext _btxt |
||
| 337 |
_2rdamedia _aunmediated _bn |
||
| 338 |
_2rdacarrier _avolume _bnc |
||
| 600 | 1 | 7 |
_aArcher, Jeffrey, _d1940- _vDiaries. _2BUEsh _940709 |
| 600 | 1 | 0 |
_aArcher, Jeffrey, _d1940- _xImprisonment. _2BUEsh _940709 |
| 650 | 7 |
_aNovelists, English _y20th century _vDiaries. _2BUEsh |
|
| 650 | 7 |
_aPrisoners _zGreat Britain _vDiaries. _2BUEsh _940290 |
|
| 650 | 7 |
_aPrisons _zGreat Britain. _2BUEsh _940268 |
|
| 651 | _2BUEsh | ||
| 653 |
_bHHUUEENN _cFebruary2022 |
||
| 655 |
_vReading book _934232 |
||
| 856 | 4 | 2 |
_3Contributor biographical information _uhttp://www.loc.gov/catdir/bios/hol055/2004042799.html |
| 856 | 4 | 2 |
_3Publisher description _uhttp://www.loc.gov/catdir/description/hol053/2004042799.html |
| 942 |
_2ddc _cBB |
||
| 999 |
_c10798 _d10798 |
||